Berliner U-Bahnhöfe - Statistiken

Allgemein
  • Dieses Quiz wurde 827 mal gespielt
  • Das Durchschnittsergebnis liegt bei 70 aus 173
Antwortstatistiken
Antwort % Korrekt
Alexanderplatz
90%
Hauptbahnhof
84%
Zoologischer Garten
76%
Brandenburger Tor
74%
Warschauer Straße
69%
Pankow
68%
Bundestag
67%
Friedrichstraße
66%
Kottbusser Tor
66%
Potsdamer Platz
66%
Gleisdreieck
62%
Nollendorfplatz
62%
Olympia-Stadion
61%
Kurfürstendamm
60%
Rathaus Spandau
60%
Hermannplatz
59%
Osloer Straße
59%
Wittenbergplatz
59%
Rudow
58%
Neukölln
56%
Gesundbrunnen
55%
Tempelhof
55%
Hermannstraße
54%
Krumme Lanke
54%
Mehringdamm
54%
Rathaus Steglitz
54%
Stadtmitte
54%
Alt-Tegel
53%
Hönow
53%
Onkel Toms Hütte
53%
Ruhleben
52%
Alt-Mariendorf
51%
Hallesches Tor
51%
Schlesisches Tor
51%
Wedding
51%
Uhlandstraße
50%
Möckernbrücke
49%
Turmstraße
49%
Frankfurter Tor
48%
Seestraße
48%
Frankfurter Allee
47%
Innsbrucker Platz
47%
Jannowitzbrücke
47%
Kaiserdamm
47%
Kurfürstenstraße
47%
Lichtenberg
47%
Eberswalder Straße
46%
Görlitzer Bahnhof
46%
Prinzenstraße
46%
Schönhauser Allee
46%
Berliner Straße
45%
Deutsche Oper
45%
Rosa-Luxemburg-Platz
45%
Wittenau
45%
Bismarckstraße
44%
Leopoldplatz
44%
Mohrenstraße
44%
Rathaus Neukölln
44%
Tierpark
44%
Platz der Luftbrücke
43%
Yorckstraße
43%
Zitadelle
43%
Bernauer Straße
42%
Dahlem-Dorf
42%
Rosenthaler Platz
42%
Bayerischer Platz
41%
Bundesplatz
41%
Jungfernheide
41%
Oranienburger Tor
41%
Rathaus Schöneberg
41%
Schloßstraße
41%
Theodor-Heuss-Platz
41%
Vinetastraße
41%
Afrikanische Straße
40%
Ernst-Reuter-Platz
40%
Freie Universität (Thielplatz)
40%
Hansaplatz
40%
Kochstraße
40%
Wilmersdorfer Straße
40%
Adenauerplatz
39%
Altstadt Spandau
39%
Bülowstraße
39%
Fehrbelliner Platz
39%
Französische Straße
39%
Karl-Marx-Straße
39%
Moritzplatz
39%
Südstern
39%
Westhafen
39%
Alt-Tempelhof
38%
Heidelberger Platz
38%
Heinrich-Heine-Straße
38%
Weberwiese
38%
Britz-Süd
37%
Hausvogteiplatz
37%
Märkisches Museum
37%
Naturkundemuseum
37%
Samariterstraße
37%
Spichernstraße
37%
Weinmeisterstraße
37%
Amrumer Straße
36%
Boddinstraße
36%
Gneisenaustraße
36%
Klosterstraße
36%
Sophie-Charlotte-Platz
36%
Eisenacher Straße
35%
Magdalenenstraße
35%
Mendelssohn-Bartholdy-Park
35%
Siemensdamm
35%
Spittelmarkt
35%
Strausberger Platz
35%
Kleistpark
34%
Kurt-Schumacher-Platz
34%
Leinestraße
34%
Neu-Westend
34%
Senefelderplatz
34%
Viktoria-Luise-Platz
34%
Voltastraße
34%
Cottbusser Platz
33%
Friedrichsfelde
33%
Hellersdorf
33%
Oskar-Helene-Heim
33%
Richard-Wagner-Platz
33%
Blissestraße
32%
Paracelsus-Bad
32%
Rohrdamm
32%
Walther-Schreiber-Platz
32%
Birkenstraße
31%
Borsigwerke
31%
Konstanzer Straße
31%
Nauener Platz
31%
Rehberge
31%
Augsburger Straße
30%
Biesdorf-Süd
30%
Kaulsdorf-Nord
30%
Pankstraße
30%
Schillingstraße
30%
Jakob-Kaiser-Platz
29%
Mierendorffplatz
29%
Reinickendorfer Straße
29%
Rüdesheimer Platz
29%
Wuhletal
29%
Blaschkoallee
28%
Güntzelstraße
28%
Hohenzollernplatz
28%
Kaiserin-Augusta-Straße
28%
Kienberg (Gärten der Welt)
28%
Louis-Lewin-Straße
28%
Podbielskiallee
28%
Rathaus Reinickendorf
28%
Schönleinstraße
28%
Friedrich-Wilhelm-Platz
27%
Haselhorst
27%
Johannisthaler Chaussee
27%
Karl-Bonhoeffer-Nervenklinik
27%
Lipschitzallee
27%
Paradestraße
27%
Ullsteinstraße
27%
Elsterwerdaer Platz
26%
Halemweg
26%
Otisstraße
26%
Breitenbachplatz
25%
Grenzallee
25%
Schwartzkopffstraße
25%
Westphalweg
25%
Wutzkyallee
25%
Zwickauer Damm
25%
Paulsternstraße
24%
Residenzstraße
24%
Franz-Neumann-Platz
23%
Parchimer Allee
23%
Lindauer Allee
21%
Scharnweberstraße
21%
Holzhauser Straße
18%
Keine übereinstimmenden Quizze gefunden
Verteilung der Resultate
Anzahl Personen mit jedem Resultat
Perzentil nach korrekt beantworteten Fragen
Ihre Resultats-Entwicklung
Sie haben dieses Quiz noch nicht gespielt